000 00290nam a2200121Ia 4500
100 _aDHANPALVAR MANIK
942 _cBK
366 _f50
245 _aDAKSHIN BHARTATIL MARATHI VADMAYANCHA ITIHAS
260 _bRAJYA MARATHI VIKAS SANSTHA
_aMumbai
_c1999
300 _a362
546 _aMARATHI
999 _c33396
_d33396